Responses for Show #2555 - Friday, October 13, 1995

Paul Thompson game 1.

Contestants

[<< previous game]

Paul Thompson, a personnel manager from Cheverly, Maryland

Linda Proch, a musician from Richardson, Texas

Rob Fisher, a math teacher from Philadelphia, Pennsylvania (whose 1-day cash winnings total $5,700)

[next game >>]

Jeopardy! Round responses

WORLD FACTS
THE MOVIES
FOOD
THE AMERICAN REVOLUTION
BUSINESS & INDUSTRY
"SUN"s & "MOON"s
    $100 21
[Alex mispronounced the English word "a" as if in Portuguese ("AH").]

New Zealand

Linda
    $100 6
Silence of the Lambs

Paul
    $100 13
Eggs Benedict

Paul
    $100 11
Washington

Rob
    $100 16
Atlanta

Linda
    $100 1
Sun Yat-sen

Paul
    $200 25
the Caribbean

Paul
    $200 7
Kramer vs. Kramer

Linda
    $200 15
cream

Linda
    $200 12
a duel

Linda
    $200 17
Hallmark

Linda
    $200 2
Sun Myung Moon

Rob
    $300 26
(Paul: What is a cod?)
(Rob: What is a halibut?)

an Atlantic salmon

RobPaul
Triple Stumper
    $300 8
Shane

Rob
    $300 22
soul food

Paul
    $300 14
Ethan Allen

Linda
    $300 18
General Motors

Paul
    $300 3
Soleil Moon Frye

Linda
    $400 27
Roman Catholocism

Paul
    $400 9
Grace Kelly

Linda
    $400 29
oyster

Triple Stumper
    $400 23
Sons of Liberty

Paul
    $400 19
U.S. Steel

Paul
    $400 4
Keith Moon

Rob
    $500 28
Finland

Paul
    $500 10
(Linda: Who is Roger Vadim?)

Roman Polanski

LindaPaul
    $500 30
cobbler

Linda
    $1,000 24
(Major John) Andre

Paul
    $500 20
Birmingham

Paul
    $500 5
Moon Unit Zappa

Linda

Scores at the first commercial break (after clue 15):

Rob Linda Paul
$1,000 $1,600 $800

Scores at the end of the Jeopardy! Round:

Rob Linda Paul
$700 $2,500 $4,500

Double Jeopardy! Round responses

THE 20th CENTURY
MUSEUMS
TREES
PLAYS
MEDICINE
THE QUOTABLE CHURCHILL
    $200 1
Wilson

Rob
    $200 10
the Louvre

Linda
    $200 9
needles

Paul
    $200 6
Cyrano de Bergerac

Paul
    $200 15
a stethoscope

Paul
    $200 24
London

Linda
    $400 2
Gandhi

Rob
    $400 16
Sacremento

Paul
    $400 11
the cedar of Lebanon

Rob
    $1,500 7
(Paul: What is murder?)

witchcraft

Paul
    $400 18
the Mayo Clinic

Rob
    $400 25
(Alex: Less than a minute to go.)

sweat

Rob
    $600 3
Canada

Triple Stumper
    $600 17
James Joyce

Linda
    $600 12
a maple

Linda
    $600 8
Torch Song Trilogy

Linda
    $600 20
measles

Paul
    $600 26
so few

Paul
    $800 4
Czechoslovakia

Paul
    $800 21
Munich

Linda
    $800 13
the oak

Triple Stumper
    $800 19
The Iceman Cometh

Linda
    $800 30
Streptococcus

Linda
    $800 27
usual

Linda
    $1,500 5
Suriname

Paul
    $1000 22
Oslo

Paul
    $1000 14
(Linda: What is... latex?)

chickle

Linda
Triple Stumper
    $1000 23
Volpone

Paul
    $1000 29
magnetic resonance imaging

Rob
    $1000 28
an enigma

Rob

Scores at the end of the Double Jeopardy! Round:

Rob Linda Paul
$4,500 $6,900 $9,500

[wagering suggestions for these scores]

Final Jeopardy! Round responses

GOVERNMENT
RobWhat is use his veto power
$1,000
LindaWhat is [scribble] veto a bill?
$3,500
PaulWhat is use the veto?
$4,301
veto a bill

Final scores:

Rob Linda Paul
$5,500 $10,400 $13,801
3rd place: Samsung 13" color monitor combination TV/VCR + Jeopardy! home game 2nd place: Ashley Furniture casual country style Ashville dining collection + Bob Mitchell Designs fine handscreened wall coverings & related fabrics + Jeopardy! home game New champion: $13,801

Game dynamics:

Coryat scores:

Rob Linda Paul
$4,500 $6,900 $10,000
11 R,
1 W
20 R,
2 W
23 R
(including 2 DDs),
2 W
(including 1 DD)

Combined Coryat: $21,400

[game clues] [game scores] [suggest correction]

Game tape date: Unknown
The J! Archive is created by fans, for fans. Scraping, republication, monetization, and malicious use prohibited; this site may use cookies and collect identifying information. See terms. The Jeopardy! game show and all elements thereof, including but not limited to copyright and trademark thereto, are the property of Jeopardy Productions, Inc. and are protected under law. This website is not affiliated with, sponsored by, or operated by Jeopardy Productions, Inc. Join the discussion at JBoard.tv.